Perspectives on pastoral development : (Record no. 7474)

MARC details
000 -LEADER
fixed length control field 01675cam a2200385 a 4500
001 - CONTROL NUMBER
control field 12653012
003 - CONTROL NUMBER IDENTIFIER
control field OSt
005 - DATE AND TIME OF LATEST TRANSACTION
control field 20211115102436.0
008 - FIXED-LENGTH DATA ELEMENTS--GENERAL INFORMATION
fixed length control field 011204s2001 enkab b 001 0 eng d
010 ## - LIBRARY OF CONGRESS CONTROL NUMBER
LC control number 2002327787
020 ## - INTERNATIONAL STANDARD BOOK NUMBER
International Standard Book Number 0855984678
035 ## - SYSTEM CONTROL NUMBER
System control number (OCoLC)ocm48528185
040 ## - CATALOGING SOURCE
Original cataloging agency VYF
Transcribing agency DLC
Modifying agency VYF
-- DLC
043 ## - GEOGRAPHIC AREA CODE
Geographic area code f-ke---
050 00 - LIBRARY OF CONGRESS CALL NUMBER
Classification number HC865.Z7
Item number W353 2001
082 00 - DEWEY DECIMAL CLASSIFICATION NUMBER
Classification number 636BIR 2001
100 1# - MAIN ENTRY--PERSONAL NAME
Personal name Birch, Isobel.
9 (RLIN) 15313
245 10 - TITLE STATEMENT
Title Perspectives on pastoral development :
Remainder of title a casebook from Kenya /
Statement of responsibility, etc. Isobel Birch and Halima A. O. Shuria.
260 ## - PUBLICATION, DISTRIBUTION, ETC. (IMPRINT)
Place of publication, distribution, etc. Oxford :
Name of publisher, distributor, etc. Oxfam ;
Place of publication, distribution, etc. Herndon, Va. :
Name of publisher, distributor, etc. Stylus,
Date of publication, distribution, etc. c2001.
300 ## - PHYSICAL DESCRIPTION
Extent xiv, 146 p. :
Other physical details ill., maps ;
Dimensions 22 cm.
440 #0 - SERIES STATEMENT/ADDED ENTRY--TITLE
Title Oxfam development casebooks
9 (RLIN) 15314
504 ## - BIBLIOGRAPHY, ETC. NOTE
Bibliography, etc Includes bibliographical references (p. 133-137) and index.
650 #0 - SUBJECT ADDED ENTRY--TOPICAL TERM
Topical term or geographic name as entry element Economic development projects
Geographic subdivision Kenya
-- Wajir District.
9 (RLIN) 15315
650 #0 - SUBJECT ADDED ENTRY--TOPICAL TERM
Topical term or geographic name as entry element Community development
Geographic subdivision Kenya
-- Wajir District.
9 (RLIN) 15316
650 #0 - SUBJECT ADDED ENTRY--TOPICAL TERM
Topical term or geographic name as entry element Pastoral systems
Geographic subdivision Kenya
-- Wajir District.
9 (RLIN) 15317
651 #0 - SUBJECT ADDED ENTRY--GEOGRAPHIC NAME
Geographic name Wajir District (Kenya)
General subdivision Economic conditions.
9 (RLIN) 15318
700 1# - ADDED ENTRY--PERSONAL NAME
Personal name Shuria, Halima A. O.
9 (RLIN) 15319
710 2# - ADDED ENTRY--CORPORATE NAME
Corporate name or jurisdiction name as entry element Oxfam.
9 (RLIN) 15320
856 42 - ELECTRONIC LOCATION AND ACCESS
Materials specified Publisher description
Uniform Resource Identifier http://www.loc.gov/catdir/enhancements/fy1115/2002327787-d.html
856 41 - ELECTRONIC LOCATION AND ACCESS
Materials specified Table of contents only
Uniform Resource Identifier http://www.loc.gov/catdir/enhancements/fy1115/2002327787-t.html
856 42 - ELECTRONIC LOCATION AND ACCESS
Materials specified Contributor biographical information
Uniform Resource Identifier http://www.loc.gov/catdir/enhancements/fy1207/2002327787-b.html
906 ## - LOCAL DATA ELEMENT F, LDF (RLIN)
a 7
b cbc
c copycat
d 2
e ncip
f 20
g y-gencatlg
942 ## - ADDED ENTRY ELEMENTS (KOHA)
Source of classification or shelving scheme Dewey Decimal Classification
Koha item type Open Shelf
Holdings
Withdrawn status Lost status Source of classification or shelving scheme Damaged status Not for loan Home library Current library Date acquired Source of acquisition Inventory number Total Checkouts Full call number Barcode Date last seen Price effective from Koha item type
    Dewey Decimal Classification     MUST Main Library MUST Main Library 15/11/2021 Donation 07/28655   636BIR 2001 2021-1680 15/11/2021 15/11/2021 Open Shelf